Antología de experiencias de la educación inicial iberoamericana /

Guardado en:
Autor Principal: Peralta, Victoria
Otros Autores: Hernández, Laura
Formato: Libro
Publicado: Madrid : Santillana, 2005
Series:Metas Educativas. Infancia
Materias:
Etiquetas: Agregar Etiqueta
Sin Etiquetas, Sea el primero en etiquetar este registro!
LEADER 00655nam a22002175a 4500
001 CEM.cems013950
008 130507s2005##################000#0#####d
005 20210705092737.0
003 CEMS
245 1 0 |a Antología de experiencias de la educación inicial iberoamericana /  |c Victoria Peralta y Laura Hernández 
260 |a Madrid :  |b Santillana,  |c 2005 
300 |a 183 p. 
490 0 |a Metas Educativas. Infancia 
590 |a 1089.013 
020 |a 9788475551932 
100 1 |a Peralta, Victoria 
700 1 |a Hernández, Laura 
653 |a Educación 
653 |a Infancia 
653 |a Biblioteca TC 
859 |a CEMS  |b BIB. CEMS - 11 de abril  |h TC  |p 1089.013  |t Ej.1